000 00650nam a2200265Ia 4500
005 20260306164302.0
008 008 260114s9999 xx 000 0 eng d
020 _a9781529213300
037 _aEBOOK
040 _aCRL
040 _beng
040 _cCRL
041 _2eng
041 _aeng
084 _qCRL
100 _aBihouix
_9881213
245 4 _aThe Age Of Low Tech: Towards A Technologically Sustainable Civilization
260 _bThe Policy Press
260 _c2021
650 _aEconomics & Finance
856 _uhttps://academic.oup.com/book/40174
942 _cEBOOK
999 _c1713511
_d1713511